| 000 | 00780nam a2200289Ia 4500 | ||
|---|---|---|---|
| 001 | Z_2510 | ||
| 003 | CHAP | ||
| 008 | 220113s1972 xx 000 0 und d | ||
| 010 | _a165567 | ||
| 040 | _cCHAP | ||
| 082 | _a574.072 B4 | ||
| 100 |
_aBenton, Allen H. _911704 |
||
| 245 |
_aManual of field biology and ecology / _cby Allen H. Benton and William E. Werner |
||
| 260 |
_aMinneapolis, Minn : _bBurgess Publishing, _c1972 |
||
| 300 |
_a400 p. : _bilus. ; gráfs. |
||
| 440 | _a | ||
| 500 | _a | ||
| 503 | _a | ||
| 650 |
_aBiología _xManuales de laboratorio I. Werner, William E. II. t. _9139491 |
||
| 650 |
_aEcología _xManuales de laboratorio _935155 |
||
| 901 | _a574.072 B4 | ||
| 902 | _aA | ||
| 910 | _a1972 | ||
| 942 | _c1 | ||
| 942 | _cc1 | ||
| 999 |
_c165567 _d165567 |
||